Kiírták a pályázatot a fogadalmi templom munkáira

Elmentve itt :
Bibliográfiai részletek
Dokumentumtípus: Cikk
Megjelent: 1913-04-13
Sorozat:Délmagyarország 4 No. 86
Kulcsszavak:Templomépírés Szeged 1913
Online Access:http://dmarchiv.bibl.u-szeged.hu/42635
LEADER 00436nab a2200145 i 4500
001 delm42635
005 20180928090501.0
008 180927s1913 hu o 0|| hun d
040 |a SZTE Délmagyarország Archívum  |b hun 
041 |a hun 
245 0 0 |a Kiírták a pályázatot a fogadalmi templom munkáira  |h [elektronikus dokumentum] 
260 |c 1913-04-13 
300 |a 7 
490 0 |a Délmagyarország  |v 4 No. 86 
695 |a Templomépírés Szeged 1913